150 Graus Este Países - Statistics

Estatísticas Gerais
  • Esse quiz foi jogado 32 vezes
  • A pontuação média é 16 de 20
Estatísticas das Respostas
graus país % Correto
15.24° China
93%
9.00° Indonésia
93%
Austrália
89%
4.18° Japão
89%
Rússia
89%
19.32° Coréia do Norte
81%
19.06° Coréia do Sul
81%
27.09° Fiji
81%
23.41° Filipinas
81%
16.37° Nova Zelândia
81%
16.91° Nauru
78%
15.36° Palau
78%
16.52° Vanuatu
78%
15.24° Ilhas Marshall
70%
6.37° Ilhas Salomão
70%
0.06° Micronésia
70%
28.00° Taiwan
70%
22.72° Timor-Leste
70%
28.30° Tuvalu
70%
Papua Nova Guiné
63%
Nenhum quiz correspondente encontrado
Distribuição das Pontuações
Porcentagem de Pessoas com Cada Pontuação
Percentil de Números Respondidos
Sua Pontuação Histórica
Você não jogou esse quiz